000 00288nam a22001337a 4500
008 170207b xxu||||| |||| 00| 0 eng d
020 _a9780963871404
041 _aeng
080 _a61
100 _a4
101 _aSHM
245 _aAMZING MEDICINES
_cROBERT .C ATKINS
942 _2udc
_cBK
999 _c4790
_d4790